Biblioteca

El código Jesús : (Registro nro. 71242)

Detalles MARC
000 -LÍDER
Campo fijo de descripción fija 01737nam a2200349 i 4500
001 - NÚMERO DE CONTROL
Campo de control 768714001
003 - IDENTIFICADOR DEL NÚMERO DE CONTROL
Campo de control CO-MdFUSB
005 - FECHA Y HORA DE LA ULTIMA TRANSACCIÓN
control field 20260423170637.0
007 - CAMPO FIJO DE DESCRIPCIÓN FIJA--INFORMACIÓN GENERAL
Campo fijo de descripción fija ta
008 - ELEMENTOS DE LONGITUD FIJA -- INFORMACIÓN GENERAL
Campo fijo de descripción fija -- Información general 241119t2007 -us||||| ||| 001 0 spa d
020 ## - NÚMERO INTERNACIONAL NORMALIZADO PARA LIBROS
Número Internacional Normalizado del libro 978-0-8297-5134-5
040 ## - FUENTE DE CATALOGACIÓN
Idioma de catalogación spa.
Agencia de catalogación original CO-MdFUSB
Agencia que realiza la transcripción CO-MdFUSB
Agencia que realiza la modificación CO-MdFUSBC
Convenciones de la descripción rda
041 ## - CÓDIGO DE IDIOMA
Código de idioma para texto/pista de sonido o título separado spa
082 ## - NÚMERO DE CLASIFICACIÓN DECIMAL DEWEY
Número de la edición del Dewey 23
Número de clasificación 232
Clave de autor-Numero de item SI586
100 ## - ASIENTO PRINCIPAL--NOMBRE PERSONAL
Nombre personal Silva-Silva, Darío,
Término relacionador autor
245 13 - TÍTULO
Título del Material El código Jesús :
Parte restante del título - Subtitulo el enigma resuelto
Mención de responsabilidad, etc. / Darío Silva Silva.
264 #1 - PRODUCCIÓN, PUBLICACIÓN, DISTRIBUCIÓN, MANUFACTURA, Y COPYRIGHT
Lugar de producción, publicación, distribución, manufactura Miami, Florida :
Nombre del productor, publicador, distribuidor Vida,
Fecha de producción, publicación, distribución, manufactura, o copyright [2007]
264 #4 - PRODUCCIÓN, PUBLICACIÓN, DISTRIBUCIÓN, MANUFACTURA, Y COPYRIGHT
Fecha de producción, publicación, distribución, manufactura, o copyright ©2007
300 ## - DESCRIPCIÓN FÍSICA
Extensión 239 páginas
Dimensiones ; 20 cm
336 ## - TIPO DE CONTENIDO
Fuente rdacontent
Término de tipo de contenido texto
Código de tipo de contenido txt
337 ## - TIPO DE MEDIO
Fuente rdamedia
Nombre del tipo de medio sin mediación
Código del tipo de medio n
338 ## - TIPO DE SOPORTE
Fuente rdacarrier
Nombre del tipo de soporte volumen
Código Tipo de soporte nc
500 ## - NOTA GENERAL
Nota General Incluye índice
505 ## - NOTA DE CONTENIDO
Nota de contenido con formato preestablecido Una paloma sobre un cordero. -- De recaudador a tributario. -- El pescador pescado. -- Uno que es absolutamente otro. -- El Creador no es su creación. -- El asombro de Dios. -- Un paparazzi de Dios. -- ¿Tiene Dios una madre? -- Espíritu saciado en cuerpo hambriento. -- La muerte de la muerte. -- El altavoz del espíritu. -- La corona no hace al Rey. -- ¿Puede un hombre ser Dios? -- ¿Quién es Jesús para Jesús? -- Dios como hijo del hombre. -- El Proveedor es la misma provisión. -- Toda la luz en una lámpara. -- Opio del pueblo o vid verdadera. -- La triple clave de Tomás. -- El Carpintero es la puerta. -- Dios no quiso ser soltero. -- La anatomía de Cristo. -- El crucigrama eterno. -- Ordenador de claves.
563 ## - NOTA DE ENCUADERNACIÓN
Nota de encuadernación Rústica
653 ## - TÉRMINO DE INDIZACIÓN - NO CONTROLADO
Término no controlado Jesucristo — Persona y obra Cristología
653 ## - TÉRMINO DE INDIZACIÓN - NO CONTROLADO
Término no controlado Cristología
653 ## - TÉRMINO DE INDIZACIÓN - NO CONTROLADO
Término no controlado Cristianismo — Doctrinas
653 ## - TÉRMINO DE INDIZACIÓN - NO CONTROLADO
Término no controlado Apologética — Cristianismo
942 ## - TIPO DE MATERIAL (KOHA)
Tipo de Item KOHA Libros General
945 ## - INFORMACIÓN LOCAL DEL REGISTRO
Catalogador Catherine Arias Alvarez
Existencias
Estado de Material Estado de Perdido Forma de Clasificación Estado de Dañado No para Préstamo Colección Tomo Biblioteca de Origen Biblioteca Permanente Fecha de Adquisición Área Total de Préstamos Signatura Topográfica Código de Barras Última vez visto Ejemplar/Existencia Fecha de Remplazo Tipo de Material
    Dewey Decimal Classification     Colección General   Biblioteca FUSBC Biblioteca FUSBC 20/11/2024 TEOLOGÍA CRISTIANA   G 232 SI586c 25325 20/11/2024 Ej. 1 20/11/2024 Libros General

Biblioteca FUSBC | Teléfono: (57+4) 349 88 10 Ext. 141| WhatsApp (+57) 3005338115 
E-mail: biblioteca@unisbc.edu.co | Calle 76 87-14 Robledo Palenque, Medellín, Colombia

Con tecnología Koha